000 00789nam a2200241Ia 4500
005 20260430150439.0
008 008 250103s9999 xx 000 0 eng d
037 _aTheses
040 _aCRL
040 _beng
040 _ceng
041 _2eng
041 _aeng
084 _qCRL
100 _aYadav Hari Nath Au.; Chowdhury Debashish Gu.; Duggal Ashish Gu.; Narang Poonam Gu.; Thakar Meenakhsi Gu.; Mahajan Bhawna Gu.
_91237531
245 0 _aAssessment of the Vascular Risk Associations in Migraine and their Correlation with the Biomarkers of Endothelial Dysfunction
260 _c2023
300 _a296p.
650 _aMedicine
700 _aUniversity of Delhi. Faculty of Medical Sciences. Deptt. of Neurology
_91237532
942 _cTH
999 _c1849803
_d1849803